000 00607nam a2200205Ia 4500
005 20250508151531.0
008 008 250505s9999 xx 000 0 eng d
037 _aTextual
040 _aFEDL
_beng
_cFEDL
041 _aeng
_2eng
084 _a332.710954, IND
_qFEDL
100 _aDavis Chester C.
_9759442
245 0 _aReport of rural credit in India
245 0 _cIndia,. Ministry of Food and Agriculture
260 _aDelhi, India
_bThe Manager of Publication
_c1954
300 _a38p.
650 _aEducation
942 _cTEXL
_h332.710954, IND
999 _c1330416
_d1330416